Modulárny systém manažmentu generátorov úloh

Saved in:
Bibliographic Details
Main Author: Osadský, Roman (Author)
Other Authors: Kováčová, Monika (Thesis advisor)
Format: Manuscript Book
Language:Slovak
Published: 2023
Subjects:
Online Access:http://is.stuba.sk/zp/portal_zp.pl?podrobnosti=160497
Tags: Add Tag
No Tags, Be the first to tag this record!

MARC

LEADER 00000ntm a22000003a 4500
001 stuzp92378
003 SK-STU
005 20230909212943.7
007 ta
008 150427s2015----xo-----f-mn---000-0-slo-d
040 |a STU  |b slo 
041 0 |a slo 
100 1 |a Osadský, Roman  |u 070200  |4 aut  |U FIIT Fakulta informatiky a informačných technológií  |T FIIT Ústav informatiky, informačných systémov a softvérového inžinierstva  |X 103079  |U I200  |Y 179  |7 103079 
242 0 1 |a A modular system for managing math-task generators  |y eng 
245 1 0 |a Modulárny systém manažmentu generátorov úloh 
260 |c 2023 
650 4 |a React  |2 slo 
650 4 |a Používateľské rozhranie  |2 slo 
650 4 |a Webová aplikácia  |2 slo 
650 4 |a Web application  |2 eng 
650 4 |a User interface  |2 eng 
650 4 |a React  |2 eng 
700 1 |a Kováčová, Monika  |u 070200  |k Z1  |4 ths  |U FIIT Fakulta informatiky a informačných technológií  |T FIIT Ústav informatiky, informačných systémov a softvérového inžinierstva  |X 2333  |U I200  |Y 179  |7 A000002333 
856 4 |u http://is.stuba.sk/zp/portal_zp.pl?podrobnosti=160497